| 000 | 00764cam a2200241 a 4500 | ||
|---|---|---|---|
| 001 | 000011614 | ||
| 005 | 20260213105849.0 | ||
| 008 | 960517s1995 ck b 001 0 spa | ||
| 020 | _a958140256X | ||
| 035 | _a(BoCbEI)inc96-100904 | ||
| 040 |
_aDO-SdBNP _cDLC |
||
| 043 | _as-ck--- | ||
| 082 |
_a659.1 _bV732h |
||
| 100 | 1 |
_aVillegas Jaramillo, Manuel Lorenzo. _927473 |
|
| 245 | 1 | 0 |
_aHistorias de publicidad / _cManuel Lorenzo Villegas Jaramillo. |
| 260 |
_aSantafé de Bogotá, D.C. : _bPlaza & Janés, _c1995. |
||
| 300 |
_a262 p. ; _c19 cm. |
||
| 504 | _aIncluye referencias bibliográficas (p. 261-262). | ||
| 650 | 0 |
_aPublisidad _913236 |
|
| 650 | 4 |
_aPublicidad _zColombia. _xHistoria _927474 |
|
| 910 | _aCatalogación derivada / LC | ||
| 049 | _aBNGR | ||
| 999 |
_c11307 _d11307 |
||